2024汽车品牌中国销量Top30 car brands by sales in China in 2024 - Statistics

General Stats
  • This quiz has been taken 79 times
  • The average score is 16 of 30
Answer Stats
排名 品牌名称 国别 销量 市场份额 % Correct
1 比亚迪 中国 3524482 15.34%
99%
3 丰田 日本 1568117 6.82%
97%
2 大众 德国 2072259 9.02%
96%
13 奔驰 德国 589896 2.57%
93%
10 宝马 德国 607820 2.65%
90%
6 本田 日本 881347 3.84%
89%
12 奥迪 德国 598772 2.61%
80%
9 特斯拉 美国 657102 2.86%
71%
14 理想 中国 500513 2.18%
71%
29 小鹏汽车 中国 174935 0.76%
69%
11 日产 日本 605205 2.63%
67%
5 五菱汽车 中国 920728 4.01%
66%
26 蔚来 中国 201209 0.88%
66%
16 红旗 中国 405570 1.76%
57%
4 吉利汽车 中国 987464 4.30%
54%
19 别克 美国 359910 1.57%
53%
15 鸿蒙智行 中国 445470 1.94%
51%
8 奇瑞 中国 708647 3.08%
49%
7 长安 中国 800630 3.48%
47%
23 领克 中国 263769 1.15%
31%
20 广汽埃安 中国 349550 1.52%
30%
21 广汽传祺 中国 322301 1.40%
30%
18 哈弗 中国 371681 1.62%
26%
25 极氪 中国 222123 0.97%
26%
22 零跑汽车 中国 284285 1.24%
23%
28 坦克 中国 183534 0.80%
20%
27 深蓝汽车 中国 188985 0.82%
11%
17 捷途 中国 394163 1.72%
3%
24 吉利银河 中国 260139 1.13%
3%
30 长安欧尚 中国 163776 0.71%
0%
No matching quizzes found
Score Distribution
Percent of People with Each Score
Percentile by Number Answered
Your Score History
You have not taken this quiz